Central Library OPAC University of Rajshahi

British parliamentary election results 1950-1964 / (Record no. 42960)

MARC details
000 -LEADER
fixed length control field 00729nam a2200229 a 4500
001 - CONTROL NUMBER
control field 42960
003 - CONTROL NUMBER IDENTIFIER
rucl marc code BD-RjUL
005 - DATE AND TIME OF LATEST TRANSACTION
control field 20211209053625.0
008 - FIXED-LENGTH DATA ELEMENTS--GENERAL INFORMATION
fixed length control field 160618s1966 enkabf b 000 0 eng
035 ## - SYSTEM CONTROL NUMBER
System control number (BD-RjUL)43078
040 ## - CATALOGING SOURCE
Original cataloging agency DLC
Transcribing agency OUN
Modifying agency SER
-- OCL
-- BD-RjUL
Language of cataloging eng
041 ## - LANGUAGE CODE
Language code of text/sound track or separate title eng
082 ## - DEWEY DECIMAL CLASSIFICATION NUMBER
Edition number 23
Classification number 324.202142
Author mark and year MIB 1966
100 1# - MAIN ENTRY--PERSONAL NAME
Personal name Mitchell, B. R.
Fuller form of name (Brian R.)
9 (RLIN) 131929
245 10 - TITLE STATEMENT
Title British parliamentary election results 1950-1964 /
Statement of responsibility, etc. by B.R. Mitchell and Klaus Boehm
260 ## - PUBLICATION, DISTRIBUTION, ETC. (IMPRINT)
Place of publication, distribution, etc. Cambridge :
Name of publisher, distributor, etc. Cambridge University Press,
Date of publication, distribution, etc. 1966,
300 ## - PHYSICAL DESCRIPTION
Pagination viii, 135 p. :
Illustrations ill ;
Size 24 cm.
504 ## - BIBLIOGRAPHY, ETC. NOTE
Bibliography, etc Bibliography: p. vii
610 10 - SUBJECT ADDED ENTRY--CORPORATE NAME
Corporate name or jurisdiction name as entry element Great Britain.
Subordinate unit Parliament
700 1# - ADDED ENTRY--PERSONAL NAME
Personal name Boehm, Klaus.
942 ## - ADDED ENTRY ELEMENTS (KOHA)
Source of classification or shelving scheme Dewey Decimal Classification
Koha item type Books
Holdings
Lost status Source of classification or shelving scheme Damaged status Not for loan Collection code Permanent Location Current Location Shelving location Date acquired Source of acquisition Cost, normal purchase price Total Checkouts Full call number Date last seen Copy number Koha item type
  Dewey Decimal Classification     Non-fiction Central Library, University of Rajshahi Central Library, University of Rajshahi   01/03/1967 Beller Book 20.25   324.202142 MIB 1966 18/06/2016 C-2 Books